LIBRARY & INFORMATION CENTRE, KCAET, TAVANUR

ONLINE PUBLIC ACCESS CATALOGUE (OPAC)

Principles of railway engineering / (Record no. 2370)

MARC details
000 -LEADER
fixed length control field 00465cam a2200193ua 4500
041 ## - LANGUAGE CODE
Language code of text/sound track or separate title eng
082 ## - DEWEY DECIMAL CLASSIFICATION NUMBER
Classification number 625.1
Item number RAN/PR
100 ## - MAIN ENTRY--AUTHOR NAME
Personal name Rangwala, S.C .
245 ## - TITLE STATEMENT
Title Principles of railway engineering /
250 ## - EDITION STATEMENT
Edition statement 3 /
260 ## - PUBLICATION, DISTRIBUTION, ETC. (IMPRINT)
Place of publication :
Name of publisher Charotar book stall ,
Year of publication 1967.
300 ## - PHYSICAL DESCRIPTION
Number of Pages 316 ; .
942 ## - ADDED ENTRY ELEMENTS (KOHA)
Koha item type Books
Holdings
Withdrawn status Lost status Damaged status Home library Current library Date acquired Full call number Accession Number Koha item type
      KAUAET KAUAET 07/04/2012 625.1 RAN/PR 12854 Books
      KAUAET KAUAET 07/04/2012 625.1 RAN/PR 11585 Books
Withdrawn     KAUAET Malayalam University 27/11/2023 625.1 RAN/PR 11586 Books
Withdrawn     KAUAET Malayalam University 27/11/2023 625.1 RAN/PR 11588 Books
free website counter